| 000 | 00401nam a2200145Ia 4500 | ||
|---|---|---|---|
| 008 | 220217s9999||||xx |||||||||||||| ||und|| | ||
| 020 | _a0-07-062017-2 | ||
| 082 | _a658.421 HIS | ||
| 100 | _aHisrich, Robert, D and et. al. | ||
| 245 | 0 | _aEntrepreneurship | |
| 250 | _a6th | ||
| 260 |
_aTata mcgraw hill company Ltd _bNew Delhi _c2007 |
||
| 300 | _b410 | ||
| 650 | _aENTREPRENEURIAL MANAGEMENT | ||
| 999 |
_c176896 _d176896 |
||